Library Banner

New Perspectives on Approximation and Sampling Theory : (Record no. 125755)

MARC details
000 -LEADER
fixed length control field 00959cam a22002895i 4500
001 - CONTROL NUMBER
control field 21772567
005 - DATE AND TIME OF LATEST TRANSACTION
control field 20220312094251.0
008 - FIXED-LENGTH DATA ELEMENTS--GENERAL INFORMATION
fixed length control field 141103s2014 gw |||| o |||| 0|eng
020 ## - INTERNATIONAL STANDARD BOOK NUMBER
International Standard Book Number 9783319088013
040 ## - CATALOGING SOURCE
Transcribing agency PK-laUMT
082 04 - DEWEY DECIMAL CLASSIFICATION NUMBER
Classification number 519.52
Edition number 23
Item number NEW-
245 00 - TITLE STATEMENT
Title New Perspectives on Approximation and Sampling Theory :
Remainder of title Festschrift in Honor of Paul Butzer's 85th Birthday /
Statement of responsibility, etc edited by Ahmed I. Zayed and Gerhard Schmeisser
260 ## - PUBLICATION, DISTRIBUTION, ETC. (IMPRINT)
Place of publication, distribution, etc Switzerland :
Name of publisher, distributor, etc Springer,
Date of publication, distribution, etc 2014
300 ## - PHYSICAL DESCRIPTION
Extent 472 p.
490 1# - SERIES STATEMENT
Series statement Applied and Numerical Harmonic Analysis,
650 #0 - SUBJECT ADDED ENTRY--TOPICAL TERM
Topical term or geographic name as entry element Approximation theory.
650 #0 - SUBJECT ADDED ENTRY--TOPICAL TERM
Topical term or geographic name as entry element Image processing.
650 #0 - SUBJECT ADDED ENTRY--TOPICAL TERM
Topical term or geographic name as entry element Signal processing.
650 #0 - SUBJECT ADDED ENTRY--TOPICAL TERM
Topical term or geographic name as entry element Special functions.
650 #0 - SUBJECT ADDED ENTRY--TOPICAL TERM
Topical term or geographic name as entry element Speech processing systems.
650 14 - SUBJECT ADDED ENTRY--TOPICAL TERM
Topical term or geographic name as entry element Approximations and Expansions.
650 24 - SUBJECT ADDED ENTRY--TOPICAL TERM
Topical term or geographic name as entry element Signal, Image and Speech Processing.
650 24 - SUBJECT ADDED ENTRY--TOPICAL TERM
Topical term or geographic name as entry element Special Functions.
700 1# - ADDED ENTRY--PERSONAL NAME
Personal name Schmeisser, Gerhard.
700 1# - ADDED ENTRY--PERSONAL NAME
Personal name Zayed, Ahmed I.
942 ## - ADDED ENTRY ELEMENTS (KOHA)
Koha item type Books
Holdings
Withdrawn status Lost status Damaged status Home library Current library Date acquired Full call number Barcode Date last seen Price effective from Koha item type
      UMT Main Campus UMT Main Campus 2022-03-12 519.52 NEW- 142088 2022-03-12 2022-03-12 Books